Second Corinthians: (Record no. 5750)

000 -LEADER
fixed length control field 00608nam a2200181 a 4500
001 - CONTROL NUMBER
control field :::00003492$&:&@@
003 - CONTROL NUMBER IDENTIFIER
control field OkBaRHE
005 - DATE AND TIME OF LATEST TRANSACTION
control field 20100401124931.0
008 - FIXED-LENGTH DATA ELEMENTS--GENERAL INFORMATION
fixed length control field s1985 j 000 0 eng u
040 ## - CATALOGING SOURCE
Transcribing agency
100 1# - MAIN ENTRY--PERSONAL NAME
Personal name Laurin, Roy Leonard, 1898-1966.
245 10 - TITLE STATEMENT
Title Second Corinthians:
Remainder of title where life endures.
260 ## - PUBLICATION, DISTRIBUTION, ETC. (IMPRINT)
Place of publication, distribution, etc Grand Rapids, MI., :
Name of publisher, distributor, etc Kregel Publications
Date of publication, distribution, etc 1985
300 ## - PHYSICAL DESCRIPTION
Extent 248 p. ;
Dimensions 20 cm.
650 ## - SUBJECT ADDED ENTRY--TOPICAL TERM
Topical term or geographic name as entry element Bible New Testament 2 Corinthians
General subdivision Commentaries
942 ## - ADDED ENTRY ELEMENTS (KOHA)
Source of classification or shelving scheme
Koha item type Books
Copies
Withdrawn status Source of classification or shelving scheme Price effective from Barcode Full call number Damaged status Lost status Permanent Location Shelving location Date acquired Date last seen Copy number Koha item type Not for loan
  2010-04-143492BS 2675 .L36 1985  RHEMA Bible Training CollegeGeneral Stacks2010-04-142018-04-031Books